Civil Society in a Postwar Period: Labor in the Salvadoran Democratic Transition /
Enregistré dans:
| Auteur principal: | |
|---|---|
| Autres auteurs: | |
| Format: | Texte |
| Sujets: | |
| Tags: |
Ajouter un tag
Pas de tags, Soyez le premier à ajouter un tag!
|
MARC
| LEADER | 00000 a a2200000 04500 | ||
|---|---|---|---|
| 001 | 43214 | ||
| 003 | |||
| 040 | |||
| 100 | |a Fitzsimmons, Tracy | ||
| 245 | |a Civil Society in a Postwar Period: |b Labor in the Salvadoran Democratic Transition / |c Tracy Fitzsimmons y Mark Anner | ||
| 650 | |a SOCIEDAD CIVIL | ||
| 650 | |a PARTICIPACION SOCIAL | ||
| 650 | |a DEMOCRATIZACION | ||
| 650 | |a EL SALVADOR | ||
| 700 | |a Anner, Mark | ||
| 773 | |g volumen34, número3 ( , 1999), páginas 103-128 | ||
| 999 | |c 29612 |d 29612 | ||
